LEADER 00947nam0-22003011i-450- 001 990006487350403321 005 20001010 035 $a000648735 035 $aFED01000648735 035 $a(Aleph)000648735FED01 035 $a000648735 100 $a20001010d--------km-y0itay50------ba 101 0 $aita 105 $ay-------001yy 200 1 $aBritish foreign policy in the italo- ethiopian conflict December 1934-July 1936$ea study in appeasement$fDina Mazengia 210 $aAnn Arbor$cUniversity Microfilms Int.$d1979. 215 $a256 p.$d20 cm 300 $aDissertazione accademica mcrf. 676 $a327.41045 700 1$aMazengia,$bDina$0244042 801 0$aIT$bUNINA$gRICA$2UNIMARC 901 $aBK 912 $a990006487350403321 952 $aXIV E 2425$b19882$fFSPBC 959 $aFSPBC 996 $aBritish foreign policy in the italo- ethiopian conflict December 1934-July 1936$9653136 997 $aUNINA DB $aGEN01 LEADER 01716oam 2200493 450 001 9910709883803321 005 20181203150612.0 035 $a(CKB)5470000002473415 035 $a(OCoLC)1045427211 035 $a(EXLCZ)995470000002473415 100 $a20180723d2018 ua 0 101 0 $aeng 135 $aurbn||||a|||| 181 $ctxt$2rdacontent 182 $cc$2rdamedia 183 $acr$2rdacarrier 200 10$aChinese investment and influence in Europe $ehearing before the Subcommittee on Europe, Eurasia, and Emerging Threats of the Committee on Foreign Affairs, House of Representatives, One Hundred Fifteenth Congress, second session, May 23, 2018 210 1$aWashington :$cU.S. Government Publishing Office,$d2018. 215 $a1 online resource (iii, 55 pages) 300 $a"Serial No. 115-134." 320 $aIncludes bibliographical references. 517 $aChinese investment and influence in Europe 606 $aInvestments, Chinese$zEurope 606 $aTrade routes$zChina$xStrategic aspects 606 $aNational security$zEurope 606 $aNational security$zUnited States 607 $aChina$xForeign economic relations$zEurope 607 $aEurope$xForeign economic relations$zChina 608 $aLegislative hearings.$2lcgft 615 0$aInvestments, Chinese 615 0$aTrade routes$xStrategic aspects. 615 0$aNational security 615 0$aNational security 801 0$bGPO 801 1$bGPO 801 2$bGPO 801 2$bMERUC 801 2$bGPO 801 2$bOCLCF 801 2$bGPO 906 $aBOOK 912 $a9910709883803321 996 $aChinese investment and influence in Europe$93529199 997 $aUNINA